000
00260nam a2200109Ia 4500
008
190216s9999||||xx |||||||||||||| ||und||
100
_a
Null
245
0
_a
Keralam Padinanjum Padinarum Nootandukalil
260
_b
Nbs Kottayam
650
_a
History
942
_c
BK
999
_c
19832
_d
19832